| 000 | 00990nam a2200241 i 4500 | ||
|---|---|---|---|
| 001 | 18161 | ||
| 003 | ES-MaACL | ||
| 005 | 20250815150531.0 | ||
| 007 | t| | ||
| 008 | 011001s1904 sp |||| | spa d | ||
| 080 | _a7.01 | ||
| 100 | 1 |
_aMariscal, Nicolás. _976890 |
|
| 245 | 1 | 3 |
_aLa crisis artística y literaria en la época moderna _b: conferencia leída en el Ateneo de Madrid, el 28 de abril de 1904, por invitación de su Junta de Gobierno / _cNicolás Mariscal. |
| 260 |
_aMadrid : _b[s.n.], _c1904 ( _fEst. Tip. de los Hijos de J. A. García) |
||
| 300 |
_a19 p. ; _c24 cm. |
||
| 610 | 2 | 4 |
_aAteneo de Madrid- _vConferencias- _y1900-1939 _91907 |
| 610 | 2 |
_aAteneo de Madrid- _vObras digitalizadas. _91930 |
|
| 650 | 7 |
_aEstética moderna _2embne _9160052 |
|
| 650 | 7 |
_aEstética literaria _2embne _912544 |
|
| 852 |
_aES-MaACL _jT-1059-F-9 |
||
| 856 | 4 |
_uhttp://www.ateneodemadrid.com/biblioteca_digital/folletos/Folletos-0200.pdf _zVer documento |
|
| 999 |
_c18161 _d18161 |
||